Poenitentiae Sacramentum Per Resolutiones Speculativopracticas Ad Munus Confessariorum se Disponentibus Sevituras Discussum ... [atque in .... Universitate Olomucensi Societatis Jesu ... praeside ... Cum Adjectis Thesibus Theologicis De Virtute, et Sacramento Poenitentiae, extremae Unctionis, Ordinis, et Matrimonij. Pro prima Theologiae Laurea publicae Disputationi propositum a ... D. Joanne Bilsky Anno M.D.CC.XXXII. Mense Augusto ...]

Hlavní autor: Libig, Johann, 1681-1757
Další autoři: Bilsky, Joannes
Jazyk: Latina
Vydáno: Oppaviae : typ. Joannis Wenceslai Schindler, [1732]
Témata:
Fyzický popis: [6], 246, [4] s. ; 8°
Knihy
Uloženo v:
LEADER 01479nam a22003257a 4500
001 mzk03001015356
003 CZ BrMZK
005 20181028092704.0
007 ta
008 040204s1732 xr fr|||||00| ||latod
040 |a BOA001  |b cze  |c BOA001 
072 7 |a 094  |x Staré tisky  |2 Konspekt  |9 12 
080 |a (0.068)094  |2 MRF 
100 1 |a Libig, Johann,  |d 1681-1757  |7 mzk2009492278  |4 aut 
245 1 0 |a Poenitentiae Sacramentum Per Resolutiones Speculativopracticas Ad Munus Confessariorum se Disponentibus Sevituras Discussum ... [atque in .... Universitate Olomucensi Societatis Jesu ... praeside ... Cum Adjectis Thesibus Theologicis De Virtute, et Sacramento Poenitentiae, extremae Unctionis, Ordinis, et Matrimonij. Pro prima Theologiae Laurea publicae Disputationi propositum a ... D. Joanne Bilsky Anno M.D.CC.XXXII. Mense Augusto ...] 
260 |a Oppaviae :  |b typ. Joannis Wenceslai Schindler,  |c [1732] 
300 |a [6], 246, [4] s. ;  |c 8° 
561 |a Provenience: [stará signatura] F 75 
510 4 |a BCBT,  |c BCBT08169  |u https://knihoveda.lib.cas.cz/Record/BCBT08169 
655 7 |a staré tisky  |7 fd422076  |2 czenas 
700 1 |a Bilsky, Joannes  |4 aut 
903 |a RP 
910 |a BOA001  |b UB-0000.233 
978 |b Schindler, Jan Václav ml.  |a Opava  |c 1732 
984 |a Opava  |b Česko 
985 |a 1701-1750 
990 |a BK 
993 |a Y 
991 |k mzk 
996 6 |b 2610401552  |c UB-0000.233  |l stud. ST  |r Sklad / do násl. otevíracího dne  |n 0  |w 001015356  |u 000010  |a 1  |e BOA001  |s P